Регионална библиотека "Любен Каравелов" - Русе

Английски народни приказки (Запис номер 148462)

MARC детайли
000 -Лидер
Контролно поле с фиксирана дължина 01364nam a2200337 a 4500
003 - Код на организацията, давaща контролен номер
Контролно поле BLK
005 - Дата и час на последна редакция
Контролно поле 20231219005337.0
008 - Елементи от данни с фиксирана дължина
fixed length control field 180410b bul|||||r ||||||| ||bul||
010 ## - Наследен системен номер
LC control number KNG00154685000
040 ## - Източник на каталожния запис
Идентификатор на билиотеката - собственик на записа BLK
041 ## - Код за език
Код за езика на текст/звукозапис или на отделно заглавие Български
Код за езика КДБФ Български
080 ## - УДК
Текстов определител УДК Английска литература
УДК код - определител по УДК 821.111
УДК определител -93-34
УДК - код + определител 821.111-93-34
139 ## - Редно поле
Редна дума Рийфс, Джеймс
Авторски знак Риз - Р 60
245 10 - Сведения за заглавието
Заглавие Английски народни приказки
Подзаглавни данни За нач. училищна възраст
Редно поле (дума) преразк. Джеймс Рийфс; прев. от англ. Леда Гео Милева; ил. Джоун Киндел-Монро.
257 ## - Страна на издаване
Страна на създаване/издаване Великобритания
260 ## - Област на издателските данни
Място на издаване, разпространение и проч. София
Име на издателя, разпространителя и проч. Нар. младеж
Година на издаване 1960
300 ## - Физическа характеристика
Страници 67 с.
Илюстрации и др. с ил., 3 л. ил.
Размери/Мащаб 21см
380 ## - Жанр
Жанр Детска худож. лит.
490 ## - СЕРИИ (Колекции)
Име на серия Приказки от цял свят
9 (RLIN) 202834
500 ## - Общи забележки
Забележка 15 100 тир.
700 1# - Други автори (авторска отговорност)
Лично име Рийфс, Джеймс
Автороска отговорност (Описва отношението между автора и произведението) преразк.
9 (RLIN) 116201
700 ## - Други автори (авторска отговорност)
Лично име Милева, Леда Гео
9 (RLIN) 363471
700 1# - Други автори (авторска отговорност)
Лично име Киндел-Монро, Джоун
Автороска отговорност (Описва отношението между автора и произведението) ил.
9 (RLIN) 78672
852 ## - Местоположение
Форматна сигнатура Цб 265735
856 4# - Електронен адрес и достъп
Електронен формат pdf - файл
Инструкция (цена за достъп) 0.40
Права за достъп disable
856 4# - Електронен адрес и достъп
Електронен формат pdf - файл
Инструкция (цена за достъп) 0.40
Права за достъп disable
999 ## - СИСТЕМНИ КОНТРОЛНИ НОМЕРА
Koha biblionumber 148462
Koha biblioitemnumber 148462
942 ## - АРТИКУЛИ
Вид на библиотечния материал Книги
Скрит в OPAC Не
Периодичен библиозапис Да
944 ## - СЪЗДАВАНЕ И РЕДАКЦИЯ на ЗАПИСА
Създаване/Редакция Създаване
Дата на регистрацията/редакция 12.12.2013
Статус, дата на статуса CRON CRON
Служител, извършил регистрацията/редакцията
944 ## - СЪЗДАВАНЕ И РЕДАКЦИЯ на ЗАПИСА
Създаване/Редакция Редакция
Дата на регистрацията/редакция 12.12.2013
Статус, дата на статуса 12.12.2013 - от С1,Р / 12.12.2013
999 ## - СИСТЕМНИ КОНТРОЛНИ НОМЕРА
Koha biblioitemnumber 148462
Наличности
Код за отписване Код за изгубен артикул Източник на класификационната схема Код за повреда Коз за рестрикции Код за отдаване Артикулен № Име на библиотеката - собственик Име на библиотеката, в която се намира в момента Статус (Текущо местоположение) Дата на вписване в системата Местоположение - отдел Цена в лева Инвентарен номер Систематично азбучна сигнатура Баркод Номер на екземпляра Цена в евро Служебна бележка Служебен тип на артикула
  Не е изгубен Universal Decimal Classification Не е повреден без рестрикции ползва се в читалня 246912 Регионална библиотека "Любен Каравелов" Русе Регионална библиотека "Любен Каравелов" Русе Хранилище 1960-01-01 Основен фонд - ползва се само за читалня 0.40 633716 Цб 265735 120000633716 1 0.20 N: стар фонд Дата: 01.01.1960 Книги
Изтеглен Не е изгубен Universal Decimal Classification Не е повреден без рестрикции заемане за дома 246913 Регионална библиотека "Любен Каравелов" Русе Регионална библиотека "Любен Каравелов" Русе Детски отдел 1960-01-01 Детски отдел 4.05 9280/61 ДХ 820/899/П 60 9280/61 2 2.07 N: стар фонд Дата: 01.01.1960 Дата инв: 14.09.2015 Бележки инв: Д2015 Книги
Vip Innovations Ltd, Rousse, Bulgaria 2025